A rainha da neve (Record no. 24648)

Metadata
000 -Etiqueta do registo
campo de controlo de comprimento fixo 01107nam a2200337 4500
001 - Identificador do registo
Campo de controlo 24648
010 ## - ISBN
Número (ISBN) 9789897079405
021 ## - Nº depósito legal
Código do país Portugal
Número 452786/19
100 ## - Dados Gerais de Proc.
Dados gerais de processamento 20200128d2020 c y0pory50030103ba
101 1# - Língua da publicação
Língua do texto, banda sonora, etc. Português
Língua do documento no original eng
102 ## - País de Publicação
País de publicação Portugal
105 ## - Dados Codif. Livros
Dados codificados dos livros a z 000fy
106 ## - Atributos Físicos
Dados codificados do material textual r
200 1# - Título
Título próprio A rainha da neve
Primeira menção de responsabilidade Hans Cristian Andersen
Outras menções de responsabilidade adapt. Valentina Bonaguro
-- il. Luna Scortegagna
210 #9 - Publicação, Distribuição
Lugar da edição, distribuição, etc. Amadora
Nome do editor, distribuidor, etc. Fábula
Data da publicação, distribuição, etc. 2020
215 ## - Descrição física
Descrição física [27] p.
Outras indicações físicas todo il.
Dimensões 30 cm
300 ## - Notas gerais
Texto da nota Infantil (6 a 10 anos)
304 ## - Título
Texto da nota Tít. orig.: The Snow Queen
330 ## - Sumário ou Resumo
Texto da nota
Vem descobrir a fabulosa história da Rainha da Neve, e o que se esconde por detrás dos maravilhosos recortes deste livro!

Histórias clássicas, em livros graficamente muito apelativos, sofisticados e diferentes.

Coleção composta por clássicos intemporais, que transmitem mensagens e valores fulcrais à evolução das crianças.

Histórias divertidas, interativas e educativas.
606 ## - Nome comum
Elemento de entrada Literatura infantil
Subdivisão de assunto Conto
675 ## - CDU
Notação 087.5
Edição BN
Língua da edição Português
675 ## - CDU
Notação 821.131.1-93"20"
Edição BN
Língua da edição Português
675 ## - CDU
Notação 821.131.1-34"20"
Edição BN
Língua da edição Português
700 #1 - Responsabilidade principal
Palavra de ordem Andersen
Outra parte do nome Hans Christian
Datas 1805-1875
702 #1 - Responsabilidade secundária
Palavra de ordem Bonaguro
Outra parte do nome V.
Código de função Adaptador
702 #1 - Responsabilidade secundária
Palavra de ordem Scortegagna
Outra parte do nome Luna
Código de função Ilustrador
801 #0 - Fonte de origem
País Portugal
Agência BEDB
Regras de catalogação RPC
090 ## - Números de controlo do sistema (Koha)
Número biblioitem do Koha (gerado automaticamente) 24648
942 ## - Elementos de entrada adicionados (Koha)
Suprimido Disponível no OPAC
Tipo de item no Koha Monografia
Holdings
Removido (estado) Perdido (estado) Data de aquisição Origem do registo (biblioteca) (codificado) Código da organização que empresta ou é detentora (biblioteca) Código de barras Cota Data de empréstimo ou depósito Tipo de circulação (não pode ser emprestado) Tipo de item e material
Disponível Disponível 2026-01-08 BE Diogo Bernardes BE Diogo Bernardes D00028728 82-93 ANDH 2026-02-25 Normal Monografia